Hegemonía y estrategia socialista: hacia una radicalización de la democracia
Gorde:
| Egile nagusia: | |
|---|---|
| Beste egile batzuk: | |
| Formatua: | Liburua |
| Hizkuntza: | gaztelania |
| Argitaratua: |
Ciudad de México
Fondo de Cultura Económica
2010
|
| Edizioa: | 3a. ed |
| Saila: | Sección de Obras de Sociología
|
| Gaiak: | |
| Etiketak: |
Etiketa erantsi
Etiketarik gabe, Izan zaitez lehena erregistro honi etiketa jartzen!
|
MARC
| LEADER | 00000cam a2200000 a 4500 | ||
|---|---|---|---|
| 001 | UCD7220 | ||
| 003 | CL-VaPUC | ||
| 008 | 170317e20100000mx |||||||||||||||||spa|d | ||
| 020 | |a 9789505578368 | ||
| 082 | 0 | 4 | |a 320.01 |b LAC |2 21 |
| 100 | |a Laclau, Ernesto |e author |9 490102 | ||
| 700 | |a Mouffe, Chantal |e autora |9 591155 | ||
| 245 | 1 | 0 | |a Hegemonía y estrategia socialista: hacia una radicalización de la democracia |
| 250 | |a 3a. ed | ||
| 300 | |a 248 p | ||
| 942 | |c BK | ||
| 945 | |d 20170317 22:16:00 |a dcastane | ||
| 260 | |a Ciudad de México |b Fondo de Cultura Económica |c 2010 | ||
| 650 | 7 | |a FILOSOFIA POLITICA |2 CL-VaPUC |9 591156 | |
| 650 | 0 | |a Democracia |9 255256 | |
| 650 | 0 | |a Socialismo |9 255260 | |
| 650 | 0 | |a Autoritarismo |9 295297 | |
| 583 | |a last modification |c 20170317 22:16:00 |k Rodrigo Vera | ||
| 490 | 0 | |a Sección de Obras de Sociología | |
| 999 | |c 367284 |d 367282 | ||
| 952 | |0 0 |1 0 |3 erb |4 0 |6 320_010000000000000_LAC_2010 |7 0 |8 A |9 482105 |a FDOPOS |b FDOPOS |i 5365279 |o 320.01 LAC 2010 |p 5365279 |r 2025-01-22 |w 2019-11-24 |y BK |z Catalogado en:20170317 |k MEL | ||